Counties of Nova Scotia - Statistics

General Stats
  • This quiz has been taken 38 times
  • The average score is 10 of 18
Answer Stats
County Population % Correct
Halifax 492,199
88%
Cape Breton 109,945
76%
Yarmouth 25,956
71%
Annapolis 22,989
65%
Guysborough 7,596
65%
Kings 67,263
65%
Inverness 18,182
59%
Lunenburg 51,900
59%
Victoria 7,718
59%
Antigonish 21,253
53%
Colchester 55,334
53%
Digby 18,088
53%
Queens 10,972
53%
Shelburne 14,428
53%
Cumberland 32,068
47%
Hants 47,088
47%
Pictou 46,043
47%
Richmond 9,672
35%
No matching quizzes found
Score Distribution
Percent of People with Each Score
Percentile by Number Answered
Your Score History
You have not taken this quiz